00466nam a2200133 a 450000100100000000500170001000800410002704000250006808200160009310000560010924501020016526000450026730000200031200002945020250217091458.0110415s1990 dr 000 0 spa d aDO-SdBNPbspacBNPHU axxxxaL864e1 a López Rodríguez, Nicolás de Jesús, d1936-10aExhortación del arzobispo y opiniones editoriales. /cNicolás de Jesús López Rodríguez. aSanto Domingo :bAmigo del Hogar,c1990. a22 p. ;c21 cm.